Introduction to statistical inference and its applications with R (Record no. 30533)

MARC details
000 -LEADER
fixed length control field 00978nam a2200325Ia 4500
003 - CONTROL NUMBER IDENTIFIER
control field OSt
005 - DATE AND TIME OF LATEST TRANSACTION
control field 20220912145403.0
008 - FIXED-LENGTH DATA ELEMENTS--GENERAL INFORMATION
fixed length control field 220909b |||||||| |||| 00| 0 eng d
020 ## - INTERNATIONAL STANDARD BOOK NUMBER
International Standard Book Number 9781584889472 (hbd)
037 ## - SOURCE OF ACQUISITION
Terms of availability Textual
040 ## - CATALOGING SOURCE
Original cataloging agency CSL
Language of cataloging eng
Transcribing agency CSL
041 ## - LANGUAGE CODE
Language code of text/sound track or separate title eng
100 ## - MAIN ENTRY--PERSONAL NAME
Personal name Trosset Michael W
245 #0 - TITLE STATEMENT
Title Introduction to statistical inference and its applications with R
260 ## - PUBLICATION, DISTRIBUTION, ETC.
Place of publication, distribution, etc. Boca Raton
Name of publisher, distributor, etc. CRC Pres
Date of publication, distribution, etc. 2009
300 ## - PHYSICAL DESCRIPTION
Extent xxvii, 467p.
Dimensions cm.
490 ## - SERIES STATEMENT
Series statement Texts in statistical science
500 ## - GENERAL NOTE
General note Index 463-467p.
650 ## - SUBJECT ADDED ENTRY--TOPICAL TERM
Topical term or geographic name entry element Mathematical statistics
650 ## - SUBJECT ADDED ENTRY--TOPICAL TERM
Topical term or geographic name entry element Probabilities
650 ## - SUBJECT ADDED ENTRY--TOPICAL TERM
Topical term or geographic name entry element R-computer programming language
650 ## - SUBJECT ADDED ENTRY--TOPICAL TERM
Topical term or geographic name entry element Statistics
942 ## - ADDED ENTRY ELEMENTS (KOHA)
Classification part B281, P9
Koha item type Textual
Source of classification or shelving scheme Colon Classification (CC)
Holdings
Withdrawn status Lost status Damaged status Not for loan Home library Current library Date acquired Source of acquisition Total Checkouts Full call number Barcode Date last seen Price effective from Koha item type
        Central Science Library Central Science Library 2022-09-12 2037, 03/09/2009, New India Book Agency   B281 P9 SL1444351 2022-09-12 2022-09-12 Textual
Copyright @ Delhi University Library System